000 00280nam a22001337a 4500
003 SGT
082 _a616.5
_bI16K
100 _aKUMAR, BHUSHAN
245 _aI A L TB. OF LEPROSY
260 _aINDIA
_bJAYPEE
_c2016
300 _a749
650 _aDERMATOLOGY
942 _2ddc
_cBK
999 _c14620
_d14620